kku e-library facility

Advanced Level Physics (Record no. 207)

MARC details
000 -LEADER
fixed length control field 00439nam a2200145 4500
005 - DATE AND TIME OF LATEST TRANSACTION
control field 20260327120002.0
008 - FIXED-LENGTH DATA ELEMENTS--GENERAL INFORMATION
fixed length control field 260327b |||||||| |||| 00| 0 eng d
020 ## - INTERNATIONAL STANDARD BOOK NUMBER
International Standard Book Number 81-239-0400-2
100 ## - MAIN ENTRY--PERSONAL NAME
Personal name Nelkon Michael and Parker Philip
245 ## - TITLE STATEMENT
Title Advanced Level Physics
Statement of responsibility, etc. /Micheal & Philip
250 ## - EDITION STATEMENT
Edition statement 7th ed
260 ## - PUBLICATION, DISTRIBUTION, ETC.
Place of publication, distribution, etc. Daryaganj, New Delhi;
Name of publisher, distributor, etc. CBS Publishers & Distributors Pvt Ltd;
Date of publication, distribution, etc. 1958
300 ## - PHYSICAL DESCRIPTION
Extent xv,927p.ill;
Dimensions 21cm
942 ## - ADDED ENTRY ELEMENTS (KOHA)
Source of classification or shelving scheme Library of Congress Classification
Suppress in OPAC No
Koha item type Books

No items available.

©2025 All rights reserved. KKU